| Tag |
First Indicator |
Second Indicator |
Subfields |
| LEADER |
00000cam a2200000 4500 |
| 001 |
in00000210331 |
| 005 |
20151009054759.0 |
| 008 |
720524s1964 enkc 00010 eng d |
| 010 |
|
|
|a 67124272
|
| 035 |
|
|
|a (OCoLC)00317249
|
| 035 |
|
|
|9 AAW8936AM
|
| 040 |
|
|
|c WSU
|d TXA
|d UtOrBLW
|
| 049 |
|
|
|a TXAM
|c [1128124]
|
| 090 |
|
|
|a PE1072
|b .M278
|
| 100 |
1 |
|
|a Marckwardt, Albert H.
|q (Albert Henry),
|d 1903-1975.
|
| 245 |
1 |
2 |
|a A common language: British and American English ;
|b conversations between Albert H. Marckwardt [and] Randolph Quirk.
|
| 264 |
|
3 |
|a [London] :
|b [Printed by Cox and Wyman],
|c [1964]
|
| 264 |
|
4 |
|c [©1964]
|
| 300 |
|
|
|a 79 pages :
|b group portrait
|
| 336 |
|
|
|a text
|b txt
|2 rdacontent
|
| 337 |
|
|
|a unmediated
|b n
|2 rdamedia
|
| 338 |
|
|
|a volume
|b nc
|2 rdacarrier
|
| 500 |
|
|
|a "From the radio series broadcast by the British Broadcasting Corporation and the Voice of America."
|
| 650 |
|
0 |
|a English language.
|
| 650 |
|
0 |
|a English language
|z United States.
|
| 700 |
1 |
|
|a Quirk, Randolph.
|
| 710 |
2 |
|
|a British Broadcasting Corporation.
|
| 730 |
0 |
|
|a Voice of America (Radio program)
|
| 999 |
|
|
|a MARS
|
| 999 |
f |
f |
|s 8cfdc7cd-220f-3c6c-a019-9e1bf8f7c2ad
|i fb67c4c1-6db2-3f7e-b73f-453c37bc588f
|t 0
|
| 952 |
f |
f |
|p ric
|a Texas A&M University
|b Rellis Campus
|c Joint Library Facility
|s JLF
|d Remote Storage
|t 0
|e PE1072 .M278
|h Library of Congress classification
|i unmediated -- volume
|m A14803580470
|
| 998 |
f |
f |
|a PE1072 .M278
|t 0
|l Remote Storage
|